| 000 | 00000nam 2200000zi 4500 |
| 001 | 9.937019 |
| 003 | CaOODSP |
| 005 | 20240418101956 |
| 006 | m o d f |
| 007 | cr |n||||||||| |
| 008 | 240418e20240415onc ob f|0| 0 fre d |
| 040 | |aCaOODSP|bfre|erda|cCaOODSP |
| 043 | |an-cn--- |
| 086 | 1 |aYM32-3/441-C64F-PDF |
| 100 | 1 |aFarrah, Kelly, |eauteur. |
| 245 | 10|aProjet de loi C-64 : |bLoi concernant l'assurance médicaments / |cKelly Farrah et Tu-Quynh Trinh. |
| 246 | 3 |aRésumé législatif du projet de loi C-64 : |bLoi concernant l'assurance médicaments |
| 246 | 17|aVersion préliminaire, non-révisée |
| 264 | 1|aOttawa : |bBibliothèque du Parlement = Library of Parliament, |cle 15 avril 2024. |
| 264 | 4|c©2024 |
| 300 | |a1 ressource en ligne (i, 15 pages). |
| 336 | |atexte|btxt|2rdacontent/fre |
| 337 | |ainformatique|bc|2rdamedia/fre |
| 338 | |aressource en ligne|bcr|2rdacarrier/fre |
| 490 | 1 |aRésumé législatif ; |v44-1-C64-F |
| 500 | |aPublié aussi en anglais sous le titre : Bill C-64: an Act respecting pharmacare. |
| 504 | |aComprend des références bibliographiques (pages 12-15). |
| 650 | 6|aAssurance-médicaments|xDroit|zCanada|vLégislation. |
| 710 | 1 |aCanada. |bBibliothèque du Parlement, |eorganisme de publication. |
| 710 | 1 |aCanada. |bServices d'information, d'éducation et de recherche parlementaires, |eorganisme de publication. |
| 775 | 08|tBill C-64 : |w(CaOODSP)9.937018 |
| 830 | #0|aRésumé législatif (Canada. Services d'information, d'éducation et de recherche parlementaires)|v44-1-C64-F.|w(CaOODSP)9.501179 |
| 856 | 40|qPDF|s565 Ko|uhttps://publications.gc.ca/collections/collection_2024/bdp-lop/ls/YM32-3-441-C64-fra.pdf |